| 000 | 00470nam a2200193Ia 4500 | ||
|---|---|---|---|
| 003 | OSt | ||
| 005 | 20250822143326.0 | ||
| 008 | 250729s2006 xx 000 0 und d | ||
| 020 | _a978-0761934653 | ||
| 040 | _cAL | ||
| 041 | _aeng | ||
| 082 | _a420.7 SHEL | ||
| 100 |
_aSheorey Ravi _9221823 |
||
| 245 | _aLearning and teaching english in india | ||
| 260 |
_aNew Delhi _bSAGE Publisher _c2006 |
||
| 300 | _a226p | ||
| 650 |
_aEnglish _9221824 |
||
| 942 |
_2ddc _cBED |
||
| 999 |
_c235191 _d235191 |
||